| 000 | 00517nam a2200169 4500 | ||
|---|---|---|---|
| 001 | 112722 | ||
| 003 | ES-MaACL | ||
| 005 | 20240426063031.0 | ||
| 007 | t| | ||
| 008 | 061121s1982 pr r ||||1| spa d | ||
| 100 | 0 |
_aNieto Peña, Roque, _d1910-1991 _985708 |
|
| 245 | 1 | 0 |
_aPrimero de España _b: versos a la patria herida / _cRoque Nieto Peña. |
| 260 |
_aSan Juan : _bJuan Ponce de León, _c1982. |
||
| 300 |
_a16 p. ; _c15 cm. |
||
| 852 |
_aES-MaACL _j2114-F-2 _bR.103037 |
||
| 999 |
_c112722 _d112722 |
||